01171cam a22003494a 450000100090000000300040000900500170001300800410003001000170007102000320008802000320012002000290015202000380018102000350021903500200025404000230027404200080029705000230030508200120032810000230034024501060036324600340046926000480050330000420055150400510059365000430064465000460068765000130073365000290074670000210077570000250079616285672OSt20150408114013.0100614s2011 caua b 001 0 eng  a 2010025028 a9780321560155 (student ed.) a9780321786678 (student ed.) a032178667X (student ed.) a9780321560186 (professional copy) a0321560183 (professional copy) a(DNLM)101533125 aDNLM/DLCcDLCdDLC apcc00aQP31.2b.M373 201100a6122221 aMartini, Frederic.10aVisual anatomy & physiology /cFrederic H. Martini, William C. Ober ; with Judi L. Nath ... [et al.].13aVisual anatomy and physiology aSan Francisco :bBenjamin Cummings,cc2011. axxxvii, 979 p. :bcol. ill. ;c29 cm. aIncludes bibliographical references and index. 0aHuman anatomyvProgrammed instruction. 0aHuman physiologyvProgrammed instruction.12aAnatomy.12aPhysiological Phenomena.1 aOber, William C.1 aNath, Judi Lindsley.